00309nam a2200133Ia 4500008004100000020002200041041000800063082001100071100002400082260003800106245001600144300000800160440000700168220805s9999 xx 000 0 und d a978-81-921106-7-7 aeng a930.09 aEd. Brancaccio, Pia aMumbaibThe marg Foundationc2013 aLiving Rock a140 v64